000
00298nam a22001337a 4500
008
181017b xxu||||| |||| 00| 0 eng d
020
_a
9780130608079
041
_a
eng
080
_a
334.7
100
_a
55
101
_a
MEN
245
_a
Bsic Financial Management
_c
Martin.P
942
_2
udc
_c
BK
999
_c
49974
_d
49974